| 000 | 00593nam a2200181Ia 4500 | ||
|---|---|---|---|
| 005 | 20260429112100.0 | ||
| 008 | 260429s9999||||xx |||||||||||||| ||und|| | ||
| 020 | _a9788171565900 | ||
| 041 | _aHindi | ||
| 082 |
_a181.4 _bSHA |
||
| 100 | _aशर्मा, रामनाथ | ||
| 245 | 0 |
_aप्रमुख भारतीय शिक्षा -दार्शनिक / _cरामनाथ शर्मा |
|
| 250 | _arep. | ||
| 260 |
_aनई दिल्ली : _bअटलांटिक, _c2026. |
||
| 300 | _aviii, 277 p.; Pb | ||
| 650 | _aIndian Philosophy | ||
| 942 | _cTB | ||
| 999 |
_c52260 _d52260 |
||